|
|
|
|
| LEADER |
01019nam a2200253 a 4500 |
| 001 |
194709 |
| 008 |
091112s1998 bg b 000 0 eng d |
| 010 |
|
|
|a \\\98909657
|
| 020 |
|
|
|a 9845561896
|
| 040 |
|
|
|a DLC
|c DLC
|d DLC
|
| 082 |
0 |
0 |
|a 305.42/0954
|2 21
|
| 100 |
1 |
|
|a Sarkar, Shikha Rani.
|
| 245 |
1 |
0 |
|a Role of comprehensive village development programme for the development of rural women /
|c Shikha Rani Sarkar.
|
| 260 |
|
|
|a Bogra :
|b Rural Development Academy,
|c 1998.
|
| 300 |
|
|
|a ix, 78 p. ;
|c 23 cm.
|
| 504 |
|
|
|a Includes bibliographical references (p. 77-78).
|
| 541 |
1 |
|
|e 00007065
|
| 650 |
|
0 |
|a Rural development
|z India.
|
| 650 |
|
0 |
|a Villages
|x Government policy
|z India.
|
| 650 |
|
0 |
|a Women in development
|z India.
|
| 710 |
2 |
|
|a Pallī Unnaẏana Ekāḍemī (Bogra, Bangladesh)
|
| 852 |
4 |
|
|a Ayesha Abed Library
|j General shelf
|
| 999 |
|
|
|c 5444
|d 5444
|
| 952 |
|
|
|0 0
|1 0
|2 ddc
|4 0
|6 305_420954000000000_SAR_1998
|7 0
|9 5310
|a BRACUL
|b BRACUL
|c GEN
|d 2009-11-12
|g 72.00
|l 0
|o 305.420954 SAR
|p 3010007065
|r 2009-11-12
|t 1
|w 2009-11-12
|y BK
|